Voyage en France, le bon itinéraire (2) - Statistiques

Statistiques générales
  • Ce quiz a été pris 89 fois
  • Le résultat moyen est 32 sur 60
Statistiques - réponses
Question Tuile Select % Correct
En vacances en Corse je prends le bateau pour Nice, j'arrive dans le département... DE L'HERAULT Non
100%
En vacances en Corse je prends le bateau pour Nice, j'arrive dans le département... DU GARD Non
100%
En vacances en Corse je prends le bateau pour Nice, j'arrive dans le département... DE L'AUDE Non
99%
En vacances en Corse je prends le bateau pour Nice, j'arrive dans le département... DES BOUCHES-DU-RHONE Non
94%
En longeant la côte je me rends à Carcassonne via... LE VAUCLUSE Non
92%
En vacances en Corse je prends le bateau pour Nice, j'arrive dans le département... DU VAR Non
90%
En vacances en Corse je prends le bateau pour Nice, j'arrive dans le département... DES ALPES-MARITIMES Oui
84%
En longeant la côte je me rends à Carcassonne via... LES PYRENEES-ORIENTALES Non
75%
C'est beau Carcassonne mais je dois aller rechercher une vieille cousine en pèlerinage à Lourdes. Je traverse... au plus court LE GERS Non
72%
C'est beau Carcassonne mais je dois aller rechercher une vieille cousine en pèlerinage à Lourdes. Je traverse... au plus court LES PYRENEES-ORIENTALES Non
72%
Pour aller skier une semaine dans le 74, je passe par LE CANTAL Non
65%
C'est beau Carcassonne mais je dois aller rechercher une vieille cousine en pèlerinage à Lourdes. Je traverse... au plus court LE TARN-ET-GARONNE Non
63%
En longeant la côte je me rends à Carcassonne via... L'HERAULT Oui
63%
Je poursuis mon voyage en allant visiter les hospices de Beaune et je traverse au plus court L'ALLIER Non
62%
En longeant la côte je me rends à Carcassonne via... LES BOUCHES-DU-RHONE Oui
62%
Pour aller skier une semaine dans le 74, je passe par LES HAUTES-ALPES Non
62%
Je poursuis mon voyage en allant visiter les hospices de Beaune et je traverse au plus court LE RHONE Non
61%
C'est beau Carcassonne mais je dois aller rechercher une vieille cousine en pèlerinage à Lourdes. Je traverse... au plus court LE TARN Non
61%
Je me trouve au sud-est du département. Me vient l'idée d'aller acheter une paire de chaussures à Romans, je fais au plus vite...Je peux choisir deux itinéraires qui passent par... LA CORREZE Non
59%
Puis je vais voir Château-Chinon et Nevers avant de me rendre à Troyes, je passe par L'ALLIER Non
59%
Pour aller skier une semaine dans le 74, je passe par L'AIN Non
58%
En longeant la côte je me rends à Carcassonne via... LE VAR Oui
57%
Je me trouve au sud-est du département. Me vient l'idée d'aller acheter une paire de chaussures à Romans, je fais au plus vite...Je peux choisir deux itinéraires qui passent par... LE CANTAL Non
56%
Je poursuis mon voyage en allant visiter les hospices de Beaune et je traverse au plus court LE DOUBS Non
54%
Je reconduis ma cousine dans le 63, sans passer par la Nouvelle-Aquitaine par... LE LOT-ET-GARONNE Non
54%
Il est temps de rentrer chez moi dans le 10e arrondissement de Paris en traversant... LE NORD Non
54%
A peine à Troyes, je dois me rendre à Béthune... Il me faut traverser trois départements pour aller au plus vite... L'OISE Non
54%
Il est temps de rentrer chez moi dans le 10e arrondissement de Paris en traversant... LA SEINE-ET-MARNE Non
53%
Puis je vais voir Château-Chinon et Nevers avant de me rendre à Troyes, je passe par LE CHER Non
52%
Je me trouve au sud-est du département. Me vient l'idée d'aller acheter une paire de chaussures à Romans, je fais au plus vite...Je peux choisir deux itinéraires qui passent par... LE RHONE Non
52%
C'est beau Carcassonne mais je dois aller rechercher une vieille cousine en pèlerinage à Lourdes. Je traverse... au plus court LA HAUTE-GARONNE Oui
47%
Puis je vais voir Château-Chinon et Nevers avant de me rendre à Troyes, je passe par LA SAONE-ET-LOIRE Non
47%
A peine à Troyes, je dois me rendre à Béthune... Il me faut traverser trois départements pour aller au plus vite... LA SEINE-ET-MARNE Non
46%
Je poursuis mon voyage en allant visiter les hospices de Beaune et je traverse au plus court L'AIN Oui
44%
A peine à Troyes, je dois me rendre à Béthune... Il me faut traverser trois départements pour aller au plus vite... L'AISNE Oui
44%
Pour aller skier une semaine dans le 74, je passe par LA SAVOIE Oui
44%
A peine à Troyes, je dois me rendre à Béthune... Il me faut traverser trois départements pour aller au plus vite... LA MARNE Oui
43%
Je reconduis ma cousine dans le 63, sans passer par la Nouvelle-Aquitaine par... LE CANTAL Oui
43%
En longeant la côte je me rends à Carcassonne via... LE GARD Oui
43%
A peine à Troyes, je dois me rendre à Béthune... Il me faut traverser trois départements pour aller au plus vite... LES ARDENNES Non
42%
Je reconduis ma cousine dans le 63, sans passer par la Nouvelle-Aquitaine par... LE TARN-ET-GARONNE Oui
42%
Pour aller skier une semaine dans le 74, je passe par LA HAUTE-SAVOIE Non
41%
Je reconduis ma cousine dans le 63, sans passer par la Nouvelle-Aquitaine par... L'AVEYRON Non
41%
Il est temps de rentrer chez moi dans le 10e arrondissement de Paris en traversant... L'OISE Oui
41%
Puis je vais voir Château-Chinon et Nevers avant de me rendre à Troyes, je passe par LA NIEVRE Oui
39%
Il est temps de rentrer chez moi dans le 10e arrondissement de Paris en traversant... LA SOMME Oui
39%
Je poursuis mon voyage en allant visiter les hospices de Beaune et je traverse au plus court LE JURA Non
39%
Il est temps de rentrer chez moi dans le 10e arrondissement de Paris en traversant... LE VAL-D'OISE Oui
39%
Pour aller skier une semaine dans le 74, je passe par L'ISERE Oui
39%
Puis je vais voir Château-Chinon et Nevers avant de me rendre à Troyes, je passe par L'YONNE Oui
38%
Puis je vais voir Château-Chinon et Nevers avant de me rendre à Troyes, je passe par LA COTE-D'OR Non
34%
Je me trouve au sud-est du département. Me vient l'idée d'aller acheter une paire de chaussures à Romans, je fais au plus vite...Je peux choisir deux itinéraires qui passent par... L'ARDECHE Oui
34%
Il est temps de rentrer chez moi dans le 10e arrondissement de Paris en traversant... LA SEINE-SAINT-DENIS Oui
34%
Je me trouve au sud-est du département. Me vient l'idée d'aller acheter une paire de chaussures à Romans, je fais au plus vite...Je peux choisir deux itinéraires qui passent par... LA LOIRE Oui
33%
Je poursuis mon voyage en allant visiter les hospices de Beaune et je traverse au plus court LA SAONE-ET-LOIRE Oui
33%
Je reconduis ma cousine dans le 63, sans passer par la Nouvelle-Aquitaine par... LE LOT Oui
32%
Je me trouve au sud-est du département. Me vient l'idée d'aller acheter une paire de chaussures à Romans, je fais au plus vite...Je peux choisir deux itinéraires qui passent par... LA HAUTE-LOIRE Oui
29%
C'est beau Carcassonne mais je dois aller rechercher une vieille cousine en pèlerinage à Lourdes. Je traverse... au plus court L'ARIEGE Oui
29%
A peine à Troyes, je dois me rendre à Béthune... Il me faut traverser trois départements pour aller au plus vite... LE NORD Oui
29%
Je reconduis ma cousine dans le 63, sans passer par la Nouvelle-Aquitaine par... LE GERS Oui
28%
Aucun quiz correspondant
Distribution des résultats
% des personnes avec chaque résultat
Percentile par nombre de réponses
Votre historique - résultats
Vous n’avez pas pris ce quiz